000 00155nam a22000857a 4500
082 _a823
100 _aMIKE THALER
245 _aTHE BULLY BROTHERS
942 _cBK
999 _c8154
_d8154